| 000 | 01158njm a22002777a 4500 | ||
|---|---|---|---|
| 005 | 20100918160727.0 | ||
| 006 | a|||||r|||||00| 0 | ||
| 007 | sd ammalaaahaa | ||
| 008 | 100831t xxu||||| |||| 00| 0 eng d | ||
| 028 |
_aECLP.5948 _bHis Master's Voice |
||
| 035 | _aGR-03577 | ||
| 040 |
_aSED _cSED |
||
| 100 |
_aMangeshkar, Lata _917690 |
||
| 245 |
_aRahi badal gaye / _cby Lata Mageshkar...[et.al]; music by Rahul Dev Burman; lyric by Gulshan Bawra _h[Sound Recording] : |
||
| 246 | _aरही बदल गए / लता मगेश्कर द्वारा | ||
| 260 |
_aDum Dum India _bHis Master's Voice _c1984 |
||
| 300 |
_a1 sound disc (Gramophone Recording) _banalog 33 1/3 rpm _c12 in. (LP) _fGramophone Record |
||
| 500 | _aBrief Record | ||
| 500 | _aRecord label:His Master's Voice;Red | ||
| 505 | _aSide-1 Ek baat dil men (Lata Mangeshkar) -- Side-2 Hillori (Kishore Kumar & Chorus) | ||
| 650 |
_aUrdu Modern Ghazal _xExcerpts _zIndia _917691 |
||
| 700 |
_aBurman, Rahul Dev _920728 |
||
| 700 |
_aBawra, Gulshan _920729 |
||
| 942 |
_2ddc _cGR |
||
| 999 |
_c46837 _d46837 |
||